Co vše může být nekalá konkurence

Nedovolené obmedzovanie hospodárskej súťaže. Zneužitie dominantného postavenia. Nekalá súťaž ako stratégia. Nekalá súťaž v reklame. Odcudzená identita. Porovnávacia reklama.

Guardado en:
Detalles Bibliográficos
Autor principal: Chlumská, Karla
Formato: Capítulo de libro
Lenguaje:checo
Materias:
Etiquetas: Agregar Etiqueta
Sin Etiquetas, Sea el primero en etiquetar este registro!

MARC

LEADER 00000naa$a2200000$$$4500
001 0036785
005 20231016104450.2
041 0 |a cze 
044 |a CZ 
245 1 0 |a Co vše může být nekalá konkurence  |c Karla Chlumská 
520 |a Nedovolené obmedzovanie hospodárskej súťaže. Zneužitie dominantného postavenia. Nekalá súťaž ako stratégia. Nekalá súťaž v reklame. Odcudzená identita. Porovnávacia reklama. 
610 2 0 |a konkurencia 
610 2 0 |a súťaž hospodárska 
610 2 0 |a súťaž nekalá 
610 2 0 |a reklama 
610 2 0 |a logo 
610 2 0 |a právo obchodné 
610 2 0 |a sankcie 
100 1 |a Chlumská, Karla